LEADER 01018cam0-22003611i-450- 001 990007954170403321 005 20110708082300.0 010 $a88-150-9013-4 035 $a000795417 035 $aFED01000795417 035 $a(Aleph)000795417FED01 035 $a000795417 100 $a20041119d2003----km-y0itay50------ba 101 0 $aita 102 $aIT 105 $ay-------001yy 200 1 $a<>eclissi del federalismo$eda Cattaneo al Partito d'azione$fEttore Rotelli 210 $aBologna$cil Mulino$d2003 215 $a220 p.$d21 cm 225 1 $aSaggi$v575 610 0 $aFederalismo$aTeorie$aItalia$aSec. 19.-20. 676 $a321.020945$v20$zita 676 $a321.02$v21$zita 700 1$aRotelli,$bEttore$f<1937- >$0140624 801 0$aIT$bUNINA$gREICAT$2UNIMARC 901 $aBK 912 $a990007954170403321 952 $aCollez. 75 (575)$b44560$fFSPBC 952 $aF 303$bs.i.$fDSS 959 $aFSPBC 959 $aDSS 996 $aEclissi del federalismo$9746611 997 $aUNINA